| 000 | 00745cam a2200193 a 4500 | ||
|---|---|---|---|
| 020 | _a0408030933 | ||
| 082 | 0 | 0 |
_a693.892 _bAND _cL-20, P-155 |
| 100 | 1 |
_aAnderson, J. M. _926076 |
|
| 245 | 1 | 0 |
_aRainscreen cladding : _ba guide to design principles and practice / _cJ.M. Anderson, J.R. Gill. |
| 260 |
_aLondon : _bConstruction Industry Research and Information Association ; _aLondon ; _aBoston : _bButterworths, _c1988. |
||
| 300 |
_aviii, 98 p. : _bill. ; _c24 cm. |
||
| 500 | _aIncludes index. | ||
| 526 |
_a0 _b0 _c0 _d693_892000000000000_AND |
||
| 650 | 0 |
_aCurtain walls _xDesign and construction. _934346 |
|
| 650 | 0 |
_aMCE _9379 |
|
| 650 | 0 |
_aOpen rain screens _xDesign and construction. _945415 |
|
| 700 | 1 |
_aGill, J. R. _945416 |
|
| 942 |
_2ddc _cBK |
||
| 999 |
_c548946 _d548946 |
||